00481nmm a2200181Ia 4500008004100000041000800041100001300049245003700062264004600099300001600145490000900161650001700170700001300187700002400200856005100224942000700275999001700282251105s9999||||xx |||||||||||||||||und|| aspa aB, Malva 0aAmigos con derecho :b Deseos 10 a[Madrid, España] :bSaga Egmont, c2022 a0 páginas aLUST aErotic novel aB, Malva1 a Gutiérrez, Julia uhttps://public.digitaliapublishing.com/a/99714 cCF c62346d62346